[Event "Warsaw AIG Life rapid qf2"]
[Site "Warsaw"]
[Date "2002.12.22"]
[Round "3"]
[White "Chernin, Alexander"]
[Black "Tseshkovsky, Vitaly"]
[Result "1-0"]
[WhiteElo "2573"]
[BlackElo "2545"]
[PlyCount "83"]
[EventDate "2002.12.22"]
[EventType "tourn (rapid)"]
[EventRounds "6"]
[EventCountry "POL"]
[EventCategory "14"]
[SourceTitle "CBM 092 Extra"]
[Source "ChessBase"]
[SourceDate "2003.03.07"]
[SourceVersion "1"]
[SourceVersionDate "2003.03.07"]
[SourceQuality "1"]

1. d4 d6 2. e4 Nf6 3. Bd3 g6 4. c3 Bg7 5. Nf3 0-0 6. 0-0 Nbd7 7. Re1 e5 8. Nbd2 b6 9. Nf1 Bb7 10. Ng3 a6 11. h3 Re8 12. Bg5 h6 13. Bd2 Qe7 14. Qc2 Rac8 15. Rad1 c5 16. d5 c4 17. Bf1 b5 18. b3 Nb6 19. Be3 Nfd7 20. Nd2 cxb3 21. axb3 b4 22. Nc4 Nxc4 23. Bxc4 bxc3 24. Qxc3 Nc5 25. Qb4 h5 26. f3 Kh7 27. Qd2 Qf8 28. Ra1 Ra8 29. b4 Nd7 30. Bb3 Bh6 31. Bxh6 Qxh6 32. Qxh6+ Kxh6 33. Ba4 Re7 34. Rec1 Nf6 35. Nf1 Rb8 36. Ne3 h4 37. Nc4 Rd8 38. Bc6 Bc8 39. Nb6 Nh5 40. Nxc8 Rxc8 41. Rxa6 Nf4 42. Rca1 1-0

[Event "Warsaw AIG Life rapid qf2"]
[Site "Warsaw"]
[Date "2002.12.22"]
[Round "1"]
[White "Chernin, Alexander"]
[Black "Volokitin, Andrei"]
[Result "0-1"]
[WhiteElo "2573"]
[BlackElo "2558"]
[PlyCount "74"]
[EventDate "2002.12.22"]
[EventType "tourn (rapid)"]
[EventRounds "6"]
[EventCountry "POL"]
[EventCategory "14"]
[SourceTitle "CBM 092 Extra"]
[Source "ChessBase"]
[SourceDate "2003.03.07"]
[SourceVersion "1"]
[SourceVersionDate "2003.03.07"]
[SourceQuality "1"]

1. d4 Nf6 2. Bg5 Ne4 3. Bf4 c5 4. f3 Qa5+ 5. c3 Nf6 6. d5 Qb6 7. Bc1 e6 8. c4 exd5 9. cxd5 c4 10. e3 Bc5 11. Kf2 0-0 12. Bxc4 Re8 13. Qb3 Qd8 14. Ne2 d6 15. Bb5 Nbd7 16. Nbc3 a6 17. Bxd7 Bxd7 18. Ng3 b5 19. a3 Rc8 20. Bd2 a5 21. Rhe1 a4 22. Qc2 h5 23. Nf1 g6 24. Kg1 Re5 25. Kh1 Nxd5 26. Qd3 Nb6 27. e4 h4 28. Bf4 Rh5 29. Ne3 Qf6 30. Ned5 Nxd5 31. Nxd5 Rxd5 32. Qxd5 Qxf4 33. Qd3 d5 34. e5 Bd4 35. e6 Bxe6 36. Rxe6 fxe6 37. Qxg6+ Kf8 0-1

[Event "Warsaw AIG Life rapid pl 9/12"]
[Site "Warsaw"]
[Date "2002.12.22"]
[Round "2"]
[White "Kortschnoj, Viktor Lvovich"]
[Black "Chernin, Alexander"]
[Result "1/2-1/2"]
[WhiteElo "2634"]
[BlackElo "2573"]
[PlyCount "68"]
[EventDate "2002.12.22"]
[EventType "tourn (rapid)"]
[EventRounds "3"]
[EventCountry "POL"]
[SourceTitle "CBM 092 Extra"]
[Source "ChessBase"]
[SourceDate "2003.03.07"]
[SourceVersion "1"]
[SourceVersionDate "2003.03.07"]
[SourceQuality "1"]

1. d4 d5 2. c4 c6 3. e3 Nf6 4. Bd3 a6 5. Nf3 Bg4 6. Qb3 Bxf3 7. gxf3 Qc7 8. Nc3 e6 9. Bd2 dxc4 10. Bxc4 c5 11. dxc5 Nbd7 12. Rc1 Nxc5 13. Qc2 Be7 14. 0-0 0-0 15. Be2 Rac8 16. Qb1 Qb8 17. Rfd1 Ncd7 18. Be1 Ne5 19. Ne4 Ng6 20. Bc3 Rfd8 21. Nxf6+ Bxf6 22. Bxf6 gxf6 23. f4 f5 24. Bf3 b6 25. Rxd8+ Rxd8 26. Qc2 a5 27. Kg2 Nh4+ 28. Kg3 Nxf3 29. Kxf3 Qd6 30. Qc6 Qd5+ 31. Qxd5 Rxd5 32. Rc6 Rb5 33. b3 a4 34. bxa4 Rb4 1/2-1/2

[Event "Warsaw AIG Life rapid qf2"]
[Site "Warsaw"]
[Date "2002.12.22"]
[Round "4"]
[White "Tseshkovsky, Vitaly"]
[Black "Chernin, Alexander"]
[Result "1/2-1/2"]
[WhiteElo "2545"]
[BlackElo "2573"]
[PlyCount "120"]
[EventDate "2002.12.22"]
[EventType "tourn (rapid)"]
[EventRounds "6"]
[EventCountry "POL"]
[EventCategory "14"]
[SourceTitle "CBM 092 Extra"]
[Source "ChessBase"]
[SourceDate "2003.03.07"]
[SourceVersion "1"]
[SourceVersionDate "2003.03.07"]
[SourceQuality "1"]

1. e4 d6 2. d4 Nf6 3. Nc3 g6 4. Be3 c6 5. h3 Nbd7 6. Nf3 Qc7 7. a4 b6 8. Bc4 Bg7 9. 0-0 0-0 10. Re1 Bb7 11. Ba2 e6 12. Qd2 a6 13. Bh6 b5 14. Bxg7 Kxg7 15. e5 Ne8 16. Bxe6 fxe6 17. Ng5 Kg8 18. Nxe6 Qc8 19. Nxf8 Nxf8 20. Ne4 Qd8 21. exd6 Nxd6 22. Nc5 Bc8 23. axb5 cxb5 24. Re2 Ra7 25. Rae1 Rf7 26. b3 Qf6 27. d5 Qf4 28. Qxf4 Rxf4 29. Re7 Rf7 30. R7e3 Rc7 31. Ne4 Nxe4 32. Rxe4 Rxc2 33. Re8 Bd7 34. Ra8 Rd2 35. Re7 Rxd5 36. Rxa6 Rf5 37. Ra8 Rf7 38. Re5 Kg7 39. Ra7 Bc6 40. Ra6 Bd7 41. Rb6 Rf5 42. Re7+ Rf7 43. Re4 Rf6 44. Rb7 Rf7 45. Re5 Rf5 46. Re3 Kf7 47. g4 Rd5 48. f4 Ne6 49. Re5 Rxe5 50. fxe5 Ke7 51. b4 h5 52. gxh5 gxh5 53. h4 Nf4 54. Kf2 Nd3+ 55. Ke3 Nxe5 56. Kf4 Nd3+ 57. Kg5 Nxb4 58. Kxh5 Nd5 59. Kg5 Nf6 60. h5 Nxh5 1/2-1/2

[Event "HUN-chT 0203"]
[Site "Hungary"]
[Date "2002.11.24"]
[Round "3.1"]
[White "Anka, Emil"]
[Black "Chernin, Alexander"]
[Result "1/2-1/2"]
[WhiteElo "2477"]
[BlackElo "2573"]
[PlyCount "45"]
[EventDate "2002.09.22"]
[EventType "team-tourn"]
[EventRounds "11"]
[EventCountry "HUN"]
[SourceTitle "EXT 2004"]
[Source "ChessBase"]
[SourceDate "2003.11.25"]
[SourceVersion "1"]
[SourceVersionDate "2003.11.25"]
[SourceQuality "1"]
[WhiteTeam "Statisztika"]
[BlackTeam "Miskolc"]
[WhiteTeamCountry "HUN"]
[BlackTeamCountry "HUN"]

1. e4 c5 2. Nf3 e6 3. d4 cxd4 4. Nxd4 a6 5. Bd3 Bc5 6. Nb3 Be7 7. c4 Nc6 8. Nc3 Nf6 9. Be3 d6 10. 0-0 0-0 11. Rc1 b6 12. f3 Bb7 13. Re1 Ne5 14. Bf1 Rc8 15. Na4 Nfd7 16. Nd4 Bh4 17. Bf2 Bxf2+ 18. Kxf2 Qc7 19. Qd2 Rfd8 20. Kg1 Nf6 21. b4 Rb8 22. Nb2 Ba8 23. a3 1/2-1/2

[Event "HUN-ch Gr B"]
[Site "Balatonlelle"]
[Date "2002.06.05"]
[Round "5"]
[White "Acs, Peter"]
[Black "Chernin, Alexander"]
[Result "1/2-1/2"]
[WhiteElo "2529"]
[BlackElo "2583"]
[PlyCount "27"]
[EventDate "2002.06.01"]
[EventType "tourn"]
[EventRounds "5"]
[EventCountry "HUN"]
[EventCategory "12"]
[SourceTitle "CBM 090"]
[Source "ChessBase"]
[SourceDate "2002.09.20"]
[SourceVersion "1"]
[SourceVersionDate "2002.09.20"]
[SourceQuality "1"]

1. e4 d6 2. d4 Nf6 3. Nc3 g6 4. f4 Bg7 5. Nf3 c5 6. Bb5+ Bd7 7. e5 Ng4 8. Bxd7+ Qxd7 9. d5 dxe5 10. h3 e4 11. Nxe4 Nf6 12. Nxf6+ Bxf6 13. 0-0 0-0 14. Be3 1/2-1/2

[Event "HUN-ch Gr B"]
[Site "Balatonlelle"]
[Date "2002.06.02"]
[Round "2"]
[White "Chernin, Alexander"]
[Black "Medvegy, Zoltan"]
[Result "1/2-1/2"]
[WhiteElo "2583"]
[BlackElo "2500"]
[PlyCount "91"]
[EventDate "2002.06.01"]
[EventType "tourn"]
[EventRounds "5"]
[EventCountry "HUN"]
[EventCategory "12"]
[SourceTitle "CBM 090"]
[Source "ChessBase"]
[SourceDate "2002.09.20"]
[SourceVersion "1"]
[SourceVersionDate "2002.09.20"]
[SourceQuality "1"]

1. d4 Nf6 2. c4 e6 3. Nf3 b6 4. g3 Ba6 5. Nbd2 Bb4 6. Qc2 Bb7 7. Bg2 Be4 8. Qb3 Bxd2+ 9. Bxd2 0-0 10. 0-0 Nc6 11. Rfd1 d5 12. Be1 dxc4 13. Qxc4 Qd5 14. Qxd5 Bxd5 15. Ne5 Bxg2 16. Kxg2 Ne7 17. Bb4 Nfd5 18. Ba3 f5 19. Bxe7 Nxe7 20. Rac1 Rac8 21. Rd3 Nd5 22. Ra3 a5 23. Rc6 Rfe8 24. Ra4 Nb4 25. Rc1 c5 26. dxc5 Nc6 27. Nd7 b5 28. Ra3 Red8 29. Rd3 Kf7 30. Rd6 Ke7 31. Rcd1 Rc7 32. Ne5 Rdc8 33. Nd3 Nb4 34. Nf4 Rc6 35. Rd7+ Kf6 36. Ra7 g5 37. Nd3 Nxd3 38. Rxd3 Rxc5 39. Rxh7 Rc2 40. Rh6+ Ke7 41. Rh7+ Kf6 42. Re3 R8c6 43. Rh6+ Ke7 44. Rh7+ Kf6 45. Rh6+ Ke7 46. Rh7+ 1/2-1/2